000 02200nam0a2200397 4500
001 RU\NLR\BIBL_A\010352678
005 201501161637
010 _a978-5-7314-0306-1
_950
021 _aRU
_b14-14255
035 _a(NLR Aleph) 010352678
035 _a(NILC)RuMoRGB-006754013
090 _a10752410
_c10752410
100 _a20140505d2013 u y0rusy50 ca
101 0 _arus
_audm
102 _aRU
105 _aa|||z||||||||
200 1 _aПознаём родной край
_e[методическое пособие
_fсост.: С. Г. Ижевских]
_gМ-во образования и науки Удмурт. Респ. АОУ ДПО "Ин-т повышения квалификации и переподгот. работников образования Удмурт. Респ.", МБОУ "Удмурт Тоймобашев. СОШ" Алнаш. р-на
210 _aИжевск
_cИПК и ПРО УР
_d2013
215 _a107 с.
_d20
300 _aТекст на рус. и удмурт. яз.
606 1 _aЭкология
_xПреподавание
_xСредняя школа
_jМетодические пособия
_2nlr_sh2
_3RU\NLR\AUTH\661293164
606 1 _aКраеведение в школе
_yУдмуртская Республика
_jМетодические пособия
_2nlr_sh2
_3RU\NLR\AUTH\661326703
606 1 _aСельские школьники
_xЭкологическое воспитание
_yУдмуртская Республика
_jМетодические пособия
_2nlr_sh2
_3RU\NLR\AUTH\6601549933
675 _a373.3.016:908
686 1 _aЧ426.45я8
686 1 _aЧ421.385.44я8
686 1 _aЧ421.352.27я8
702 1 _aИжевских
_bС. Г.
_gСветлана Гавриловна
_4220
712 0 2 _aИнститут повышения квалификации и переподготовки работников образования Удмуртской Республики
_cИжевск
_3RU\NLR\AUTH\8810095356
_4570
801 0 _aRU
_bRuMoRKP
_c20140303
_gRCR
801 2 _aRU
_bРГБ
_c20140320
_grcr
942 _cBOOK
980 _aNBR
980 _aNB